00599nam a2200169Ia 450000500170000000800410001702000180005808200210007610000180009724500400011526000290015530000080018444000090019294200070020199900190020895202020022720241118171217.0240126s9999 xx 000 0 und d a9781408810576 a823.92 ROW;1 R aRowling, J K. 0aHarry Potter and the goblet of fire bBloomsburyaLondonc2000 a636 aNULL cPU c284395d284395 r2024-07-26 00:00:00l2m1o823.92 ROW;1 RpPU8667W20h(22/06/1905)s2024-07-19v399.20w2024-01-26yPU1040708CL00KIN2752aMLbLRCcCLd2018-03-24eSunriseg499.00EGENGRSF1V99.8URupees